000 00321 a2200121 4500
000 nam a22 7a 4500
005 20260203145608.0
020 _a9789348409553
100 _aSubhadra Kumari Chauhan
_91113435
245 _aSubhadra Kumari Chohan Sampurna Kahaniya
260 _bAnanya Prakashan
_c2025
942 _cTEXL
999 _c1678586
_d1678586